000 00793nam a2200205Ii 4500
003 JO-AjNU
008 230605s9999||||xx |||||||||||||| ||und||
040 _aJO-AjNU
_bara
_erda
_cJO-AjNU
041 _aara
050 1 4 _aJC571.A2822.2015
100 3 _aابو الوفا، احمد,
_eauthor
_964413
245 0 0 _aالحماية الدولية لحقوق الانسان: دراسة لأليات ومضمون الحماية عالميا واقليميا ووطنيا
250 _aط4
264 3 1 _aالقاهرة: دار النهضة العربية، 2015
300 _a443ص
336 _atext
_btxt
_2rdacontent
337 _aunmediated
_bn
_2rdamedia
338 _avolume
_bnc
_2rdacarrier
650 4 _aالمنظمات الدولية-حقوق الانسان-قانون دولي
_964414
999 _aA29354
_c32922
_d32922